000
00317nam a2200133Ia 4500
008
140626s9999 xx 000 0 und d
100
_a
Andors, Alice
245
_a
Does Parity Pay Off? /
_c
Alice Andors.
260
_c
c2012.
300
_a
57 : 9, page 45
440
_a
HR Magazine
521
_a
BSBA
942
_c
SE
999
_c
121478
_d
121478